| 000 | 00447nam a2200181Ia 4500 | ||
|---|---|---|---|
| 008 | 230524s9999 xx 000 0 und d | ||
| 020 | _a812190871X | ||
| 082 |
_a628.382 _bMEH |
||
| 100 | _aV.K.Mehta | ||
| 245 | 0 | _a"Basic Electrical Engineering, Revised Ed." | |
| 250 | _a5TH | ||
| 260 |
_aNEW DELHI _bS.Chand _c2009 |
||
| 300 | _aVII;903 | ||
| 500 | _aQuantity Number: 40 | ||
| 650 | _aElectrical | ||
| 700 | _a Rohit Mehta | ||
| 942 | _cBK | ||
| 999 |
_c43429 _d43429 |
||